| 000 | 00922cam a2200289 i 4500 | ||
|---|---|---|---|
| 001 | 66862 | ||
| 003 | Mx-PuUPA | ||
| 005 | 20250205073505.0 | ||
| 008 | 170314s2014 maud fr 000 0 eng d | ||
| 020 |
_a9780080994178 _qpasta dura |
||
| 040 |
_aMx-PuUPA _bspa _cMx-PuUPA _dMx-PuUPA _erda |
||
| 041 | 0 | _aeng | |
| 100 | 1 |
_aAntony, Jiju, _eautor _93692 |
|
| 245 | 1 | 0 |
_aDesign of experiments for engineers and scientists / _cJiju Antony |
| 250 | _aSecond edition | ||
| 264 | 1 |
_aWaltham, MA : _bElsevier, _c©2014 |
|
| 300 |
_ax, 208 páginas : _bgráficas, tablas ; _c23 cm |
||
| 336 |
_atexto _2rdacontent _btxt |
||
| 337 |
_asin medio _2rdamedia _bn |
||
| 338 |
_avolumen _2rdacarrier _bnc |
||
| 490 | 0 | _aElsevier Insights | |
| 650 | 7 |
_2armarc _aDiseño experimental |
|
| 650 | 7 |
_2armarc _aInvestigación industrial |
|
| 942 |
_2ddc _cLI _h670.72 _iA62 |
||
| 999 |
_c66862 _d66862 |
||